Benjamin Blümchen Hörspiele - Alle Folgentitel - Statistiken

Allgemein
  • Dieses Quiz wurde 89 mal gespielt
  • Das Durchschnittsergebnis liegt bei 74 aus 165
Antwortstatistiken
Nr Titel % Korrekt
44 als Bäcker
93%
122 als Polizist
91%
1 als Wetterelefant
91%
57 als Bürgermeister
89%
23 als Koch
85%
8 auf dem Baum
85%
39 kauft ein
85%
7 verliebt sich
81%
47 als Gärtner
80%
56 als Reporter
80%
4 in Afrika
80%
16 träumt
80%
20 und Bibi Blocksberg
80%
65 Wo ist Otto?
80%
66 als Ballonfahrer
76%
45 als Zirkusclown
76%
60 Der Doppelgänger
74%
154 in Italien
74%
2 rettet den Zoo
74%
31 als Feuerwehrmann
72%
41 als Pirat
72%
42 als Ritter
72%
157 als Sänger
72%
50 als Sheriff
72%
88 als Cowboy
70%
83 als Gespenst
70%
21 als Weihnachtsmann
70%
15 im Urlaub
70%
36 wird verhext
70%
12 als Briefträger
69%
86 Das Nilpferdbaby
69%
61 Otto ist krank
69%
26 als Bademeister
67%
64 als Butler
67%
14 als Filmstar
67%
19 als Fußballstar
67%
22 als Kinderarzt
67%
68 als Taxifahrer
67%
69 als Zoodirektor
67%
99 Der Geheimgang
67%
52 Der Weihnachtstraum
67%
82 Der weiße Elefant
67%
70 und Bibi in Indien
67%
43 und die Autorallye
67%
76 als Förster
65%
27 auf dem Bauernhof
65%
11 auf dem Mond
65%
97 Die Gespensterkinder
65%
13 im Krankenhaus
65%
28 rettet den Kindergarten
65%
25 auf Kreuzfahrt
63%
9 hat Geburtstag
63%
73 und der Weihnachtsmann
63%
53 wird reich
63%
24 als Detektiv
61%
85 als Tierarzt
61%
5 auf hoher See
61%
150 auf Weltreise
61%
79 Die Zirkuslöwen
61%
59 findet einen Schatz
61%
49 als Müllmann
59%
51 Der Weihnachtsabend
59%
35 hat Zahnweh
59%
107 in Schottland
59%
10 und das Schloss
59%
32 und die Verkehrsschule
59%
156 als Bergretter
56%
164 als Eisverkäufer
56%
160 als Höhlenforscher
56%
148 als Rettungselefant
56%
46 hilft den Tieren
56%
54 ist krank
56%
3 Kampf dem Lärm
56%
136 Spuk im Zoo
56%
78 und der kleine Hund
56%
55 und die Astrofanten
56%
40 zieht aus
56%
63 Der Computer
54%
124 im Tante-Emma-Laden
52%
18 als Schornsteinfeger
50%
90 Das Zoojubiläum
50%
89 Der rote Luftballon
50%
38 Der Zoo zieht um
50%
111 Sei nicht traurig, Benjamin!
50%
109 als Baggerfahrer
48%
34 als Lokomotivführer
48%
58 Die Wünschelrute
48%
104 Die Zoo-Olympiade
48%
128 und die Schnitzeljagd
48%
6 und die Schule
48%
81 Das Geheimnis der Tempelkatze
46%
101 Ottos neue Freundin Teil 2
46%
29 auf dem Rummel
44%
142 Das besondere Osterei
44%
102 Das Pinguin-Ei
44%
75 Der geheimnisvolle Brief
44%
37 Der Gorilla ist weg
44%
144 Der Zuckerstückchen-Express
44%
62 in der Steinzeit
44%
100 Ottos neue Freundin Teil 1
44%
138 Das neue Müllauto
43%
48 kriegt ein Geschenk
43%
108 Ottos kleines Geheimnis
43%
77 und die Eisprinzessin
41%
163 Die Drehorgel
39%
80 Die neue Zooheizung
39%
137 Ein Törööö für alle Fälle
39%
72 und Bino
37%
98 und die Murmeltiere
37%
103 5:0 für Benjamin
35%
92 bei den Eskimos
35%
17 Der Skiurlaub
35%
117 Die Zoo-Schwimmschule
35%
146 als Wikinger
33%
95 Die Wunderblume
33%
30 als Pilot
31%
139 Der Dinosaurierknochen
31%
106 Das Spaghetti-Eis-Fest
30%
105 Das fleißige Faultier
28%
67 Meine schönsten Lieder
26%
133 auf dem Flughafen
24%
127 in der Musikschule
22%
141 Nachts in der Erfinderwerkstatt
22%
130 und der sprechende Papagei
22%
91 als Leuchtturmwärter
20%
121 Die Fahrrad-Wette
20%
113 Der Abenteuer-Spielplatz
19%
153 Das große Gewitter
15%
119 als Busfahrer
13%
158 Der Fußball-Pokal
11%
151 Das Elefantenkarussell
9%
129 Der Drachenflugtag
9%
134 Abschied von Stella
7%
162 Ärger mit Rudi Raffke
7%
131 auf großer Floßfahrt
7%
135 Die Zoo-Feuerwehr
7%
110 Hilfe für das Pandababy
7%
71 Alle meine Freunde
6%
159 als Robin Hood
6%
118 auf der Baustelle
6%
149 auf der Tankstelle
6%
33 Das Osterfest
6%
126 Der Zoo-Kindergarten
6%
114 und der Delfin
6%
116 und die Spaßmaschine
6%
132 Das Seifenkistenrennen
4%
94 Der Streichelzoo
4%
112 Die Elefantenkönigin
4%
123 in der Spielzeugfabrik
4%
145 Zurück auf dem Bauernhof
4%
93 Das Walbaby
2%
96 Der Bananendieb
2%
165 Der Paradiesvogel
2%
120 Der Zeltausflug
2%
143 Die Halloween-Nacht
2%
115 Die kleinen Kätzchen
2%
74 singt Weihnachtslieder
2%
155 und der Roboter
2%
140 Weihnachtsmarkt im Zoo
2%
87 Das Laternenfest
0%
84 Der kleine Ausreißer
0%
152 Schatzsuche im Zoosee
0%
147 Schlittenfahrt mit Hindernissen
0%
125 und die Zirkusponys
0%
161 zurück zur Leuchtturminsel
0%
Keine übereinstimmenden Quizze gefunden
Verteilung der Resultate
Anzahl Personen mit jedem Resultat
Perzentil nach korrekt beantworteten Fragen
Ihre Resultats-Entwicklung
Sie haben dieses Quiz noch nicht gespielt